000 00437nam a2200181Ia 4500
001 22705
005 20260414150848.0
008 260414t2007||||xx |||||||||||||| ||spa||
041 _aESP
082 _a621.3845
_bG77
100 _aGralla, Preston
_eAUT
245 0 _aComo funcionan las redes inalámbricas
_b
260 _c2007
300 _a260 páginas :
_c25 cm.
650 _aTCA
654 _aCET
942 _cLIB
_dJUS
_fJUS
_2ddc
_n
999 _c22705
_d22705